000 00702nam a22002057a 4500
999 _c13269
_d13269
003 AR-CdUCM
008 190411b ||||| |||| 00| 0 spa d
040 _aMUNICIPALIDAD PROVINCIAL DEL CUSCO
_cBIBLIOTECA MUNICIPAL DEL CUSCO
082 _29ed.
_aC / 498.511 /
_bR74
100 _aRodriguez, Mariano C.
_929750
245 _aGramatica de la lengua quechua /
260 _aCuzco :
_bH. G. Rozas,
_c1921.
300 _a130 páginas ;
_c22 cm.
505 _aAlgo sobre el origen y vida del quechua -- Gramática de la lengua quechua...
650 _aGramática quechua.
_918225
650 _aLecciones quechua.
_931596
650 _aQuechua.
_92063
942 _2ddc
_cLIBROS
945 _awfj
_d2019-04-11